000 01002nam a2200289 i 4500
001 bg
003 BPK
005 20220512130823.0
008 950505s1971 pl f f |000 0 pol
040 _cBPK
041 _apol
080 _a51
080 _a(075.8)
100 1 _aŻakowski, Wojciech
_d(1929-1993)
_eAutor
245 0 _aMatematyka.
_nCz. 4 /
_cWojciech Żakowski, Wacław Leksiński.
260 _aWarszawa :
_bWydawnictwa Naukowo-Techniczne,
_c1971.
300 _a446, [2] s. :
_bil. ;
_c23 cm.
490 _aPodręczniki Akademickie. Elektronika
504 _aBibliogr.
650 4 _aMatematyka
_xszkoły wyższe.
655 4 _aPodręczniki akademickie
700 1 _aLeksiński, Wacław
_d(1932- ).
_eAutor
710 2 _aWydawnictwa Naukowo-Techniczne
_4pbl.
856 _uhttp://koha.tu.koszalin.pl/cgi-bin/koha/opac-detail.pl?biblionumber=7468
_yKatalog online BPK
830 0 _aPodręczniki Akademickie.
_pElektronika
942 _cKS
_2UKD
999 _c7468
_d7468